000 00660cam a22002413a 4500
001 26243
003 PGUSA
005 20140828083550.0
008 080809s2008||||xxu|||||s|||||000 | eng d
040 _aPGUSA
_beng
042 _adc
050 4 _aQD
100 1 _aScheele, Carl Wilhelm,
_d1742-1786
245 1 0 _aDiscovery of Oxygen, Part 2
_h[electronic resource] /
_cCarl Wilhelm Scheele
260 _bProject Gutenberg,
_c2008
506 _aPublic domain in the USA.
516 _aElectronic text
653 _aPhlogiston
653 _aOxygen
830 0 _aProject Gutenberg
_v26243
856 4 0 _uhttp://www.gutenberg.org/ebooks/26243
942 _cEB
999 _c255498
_d255498